000 00293nam a22001337a 4500
008 170307b xxu||||| |||| 00| 0 eng d
020 _a0314876936
041 _aeng
080 _a611
100 _a6
101 _aSHM
245 _aHUMAN ANATOMY AND PHYSIOLOGY
_cSPENCE, A.P
942 _2udc
_cBK
999 _c7029
_d7029